01016cas a2200289 a 4500001000400000005001700004007000300021008004100024022001700065025001500082040004700097042001400144050001800158210002300176222003200199245003300231260005300264260003000317300002500347310001400372362001500386650003300401650003000434710003300464780020200497856002700699dpl20140905121807.0ta770120c19719999ii qr p 0 a0eng c a0971-95552z aI-D-E-1195 aNICcNICdAIPdDLCdNSTdOCoLCdWaUdOCoLC ansdpapcc00aTA710b.A1I420 aIndian geotech. j. 0aIndian geotechnical journal00aIndian geotechnical journal. aNew Delhi,bIndian Geotechnical Society,c[1971- aNew DelhibSpringer India av. :bill. ;c25 cm. aQuarterly1 aJan. 1971- 0aSoil mechanicsvPeriodicals. 0aFoundationsvPeriodicals.2 aIndian Geotechnical Society.00aIndian National Society of Soil Mechanics and Foundation Engineering.tJournal of the Indian National Society of Soil Mechanics and Foundation Engineeringx0537-233Xw(DLC) 642661w(OCoLC)1589272 uwww.springer.com/40098